Quizzes
Events
Quiz Creation
Community
Videos
Private Events
Remove Ads
Sign In
Join for FREE
Feedback
Dark Mode
Quiz Categories
Sports
Geography
Music
Movies
Television
Just For Fun
Miscellaneous
History
Literature
Language
Science
Gaming
Entertainment
Religion
Holiday
For Kids
Quiz Lab
Recent
Popular Today
Quiz Kudos Today
Editor Picks
Curator Picks
Quizzes by...
Day
Popularity
Type
Ratings
Length
Year
Community
Subscriptions
Recent Discussions
Orange Saloon
Badges
Playlists
Quests
Create
Leaderboards
Showdown
Live 5
Trivia Bingo
Activity
Puzzle Library
Sporcle Events
Private Events
Virtual Trivia
Globe League
Become a Host
Pub Owners
SporcleCon
Opinionation
Our Games
Videos
Blog
Mobile Apps
Partnerships
Remove Ads and Go Orange
Feedback
Miscellaneous
Crossword
General Knowledge
Baby Names
Logo
Food
Cars
Numbers
Grab Bag
University
College
Popular
Company
Slogans
Restaurants
Justice
Letter
Miscellaneous
Crossword
General Knowledge
Baby Names
Logo
Food
Cars
Numbers
Grab Bag
University
College
Popular
Company
Slogans
Restaurants
Justice
Letter
Random Quiz
Search Sporcle
×
Quiz Lab
Quiz Lab
Miscellaneous
Animal
Type in answers that appear in a list
Type in answers that appear in a list
Classic
Best Score? Go Orange.
San Diego Zoo Stats
Can you name the animals at the San Diego Zoo?
By
nav12452
18m
47 Questions
361 Plays
361 Plays
361 Plays
Comments
Comments
Give Quiz Kudos
Give Quiz Kudos
-
- Ratings
hide this ad
Replay
Link that replays current quiz
Next Quiz
Link to next quiz in quiz playlist
You Got
0%
They Got
Avg Score
30%
Avg Friend Score
Upgrade to see
Score Distribution
Jump to the score distribution portion of the page
Score
0/47
Timer
18:00
0
Plays Today
% Correct
Giant Panda
89.7%
Polar Bear
86.9%
African Elephant
86.1%
Asian Elephant
85.8%
African Lion
69.4%
Guenon
54.6%
Guenon
54.6%
Hippopotamus
53.5%
Mangabey
53.2%
Jaguar
41.5%
Reindeer
36.2%
Rattlesnake
35.4%
Okapi
32.6%
Camel
31.8%
Capybara
29.8%
green mamba
29.2%
Mountain Tapir
28.4%
California Condor
25.9%
Slender-Snouted Crocodile
25.3%
Spotted-Necked Otter
25.3%
Horse
24%
Fish
23.4%
Fish
23.1%
Turtles
23.1%
% Correct
Turtles
23.1%
Mandrill
22.6%
Pygmy Hippopotamus
22.6%
Tree Sloth
22%
Birds
20.6%
Red River Hog
20.1%
Arctic Aviary
19.8%
African Aviary
19.8%
fire skink
18.9%
African Forest Buffalo
18.9%
Guanaco
18.9%
Secretary Bird
18.4%
Pronghorn
14.8%
Frogs
13.6%
Dung Beetle
13.1%
Pancake tortoise
12.5%
Clouded Leopard
9.2%
Bongo
9.2%
Allen's Swamp Monkey
8.1%
Serval
7.5%
Pallas Cat
5.6%
Visayan Warty Pig
5.6%
Bornean Bearded Pig
3.1%
Quiz Playlist
Details
Report
Send in Message
Add To Playlist
Classic:
Type in answers that appear in a list
Last Updated: Feb 16, 2017
Quiz Scoreboard
CHALLENGE
Sign Up to Join the Scoreboard
Show All
Scores
Hide
Comments
May contain spoilers
Recently Published
Billboard Blitz: Fleetwood Mac
by CooCooCachoo
Music
15s
Presidents Visiting Landmarks
by Hejman
History
7m
An Introduction to Baseball
by treessimontrees
Sports
5m
More to Explore
Quiz From the Vault
Featured Blog Post
Where Did the Easter Bunny Come From?
hide this ad
You Might Also Like...
Tags
Animal Quiz
diego
san
San Diego
Zoo
Today's Top Quizzes in Miscellaneous
Browse Miscellaneous
hide this ad
Today's Top Quizzes in Animal
Browse Animal
Top Contributed Quizzes in Miscellaneous
1
5-to-1: Fast Food
2
The JOE quick-fire general knowledge quiz: Day 174
3
The JOE quick-fire general knowledge quiz: Day 173
4
5-to-1: Cocktails
5
The JOE quick-fire general knowledge quiz: Day 172
6
Sunday Crossword: Famous Bodies of Water
7
One Thing in Common: United Kingdom II
8
The JOE quick-fire general knowledge quiz: Day 171
9
Named After an Animal - Odd One Out!
10
The JOE quick-fire quiz: Day 170
Explore More
Trending Topics
Harry Potter
Kpop
Disney
Marvel
Crossword
NBA
Anime
Song
Soccer
The Office
Puzzle
NFL
WWE
Country
Pokémon
hide this ad
More By:
nav12452
Quiz
Plays
Rating
Category
Featured
Created
Top Tourist Countries
1,109
4.00
Geography
Jan 1, 2010
Miss World Winning Countries
516
4.50
Entertainment
Apr 5, 2010
San Diego Zoo
361
2.40
Miscellaneous
Mar 20, 2010
Columbus Zoo
280
3.25
Miscellaneous
Mar 20, 2010
National Zoo
274
3.50
Miscellaneous
Jan 3, 2010
Go to Creator's Profile
Score Distribution
Quiz Creator Spotlight
nav12452
Follow
Send a Message
Quizzes Created
-
Created Quiz Play Count
-
More By This Creator
Popular Quizzes Today
1
Find the US States - No Outlines Minefield
2
Find the Countries of Europe - No Outlines Minefield
3
The Countries of the World
4
Find the US States
5
US States
6
Risky Map Clicking: Biggest States A-Z
7
Popular People in 1961
8
Movies - When Are They Set?
More Miscellaneous Quizzes
'P' Game
Published
Trending Quizzes
Risky Map Clicking: Least Populous States A-Z
1-10 Letter G Words
1-10 Letter F Words
Risky Map Clicking: Next State Alphabetically
Risky Map Clicking: Biggest States A-Z
Recently Updated
Leaping Animals
pecheneg
Reality TV Shows (A-Z)
bhenderson79
Rickey Henderson's Hall of Fame Teammates
pecheneg
Champions League XIs: Arsenal
pecheneg
Quick Pick: Celebrities in WWE's Hall of Fame
aduchscher
A-Z Keypad Blitz II
pecheneg
Multiple Oscar Actors
pecheneg
Mystery Phrase Blitz: Oscar 'Best Actors'
pecheneg
F. Scott Fitzgerald Novels
LTH
Pick 3 Villains
ddd62291
Trending Topics
Crossword
Marvel
Kpop
Anime
Harry Potter
Disney
NBA
Pokémon
WWE
Country
Puzzle
Song
NFL
The Office
Soccer
Your Account Isn't Verified!
In order to create a playlist on Sporcle, you need to verify the email address you used during registration. Go to your
Sporcle Settings
to finish the process.
Report this User
Report this user for behavior that violates our
Community Guidelines
.
Details:
Send Report
Go to the Sporcle.com Mobile Site →
Comments